Лекции по тензорному анализу: учебное пособие

Λεπτομέρειες βιβλιογραφικής εγγραφής
Κύριος συγγραφέας: Победря Б. Е. Борис Ефимович
Γλώσσα:Ρωσικά
Έκδοση: Москва, Изд-во МГУ, 1979
Έκδοση:2-е изд., доп.
Θέματα:
Μορφή: Βιβλίο
KOHA link:https://koha.lib.tpu.ru/cgi-bin/koha/opac-detail.pl?biblionumber=159814

MARC

LEADER 00000nam0a2200000 4500
001 159814
005 20231031155353.0
020 |a RU  |b 79-67761 
035 |a (RuTPU)RU\TPU\book\173330 
090 |a 159814 
100 |a 20090514d1979 m y0rusy5003 ca 
101 0 |a rus 
102 |a RU 
105 |a y j 000zy 
200 1 |a Лекции по тензорному анализу  |e учебное пособие  |f Б. Е. Победря 
205 |a 2-е изд., доп. 
210 |a Москва  |c Изд-во МГУ  |d 1979 
215 |a 223 с.  |c ил. 
320 |a Библиогр.: с. 209. 
320 |a Предметный указатель: с. 220-222. 
610 1 |a тензорный анализ 
610 1 |a тензорная алгебра 
610 1 |a евклидовы пространства 
610 1 |a поверхность Коши 
610 1 |a тензорные функции 
610 1 |a римановы пространства 
610 1 |a формулы Френе 
610 1 |a учебные пособия 
675 |a 514.74(075.8)  |v 3 
700 1 |a Победря  |b Б. Е.  |g Борис Ефимович  |4 070 
801 0 |a RU  |b RuMRKP  |c 19950704  |g psbo 
801 1 |a RU  |b 63413507  |c 20090514  |g PSBO 
801 2 |a RU  |b 63413507  |c 20140122  |g PSBO 
942 |c BK